00723nam a2200229 a 450000500170000000800410001701000130005802000230007103500130009403700150010704000180012208200060014010000220014624500960016826000390026427000750030330000280037849000350040665000110044165000210045270000200047320090905154757.0060731s1999 nyua b 000 0 eng d aB-357041 c200.00a8190271660 aB-357041 bDBAD / PUB adplbEnglish  aS aKhatri, Vikas S.  aThe wind and the Sun and other stories /cby Vikas S Khatri; illustrated by Shankar Nayak  aDelhi bPrudence Publishers c2009 a518/6B, 2st Floor, Karkari Road, Vishwas Nagar, Shahdara, bDelhi e32 a199p.:c22cm(pbk) bill aSilver bell Indian folk tales  2Tales  2FolklorezIndia  aNayak, Shankar